[Event "Elite Players Over 2400 KO"]
[Site "SchemingMind.com"]
[Date "2021.10.05"]
[Round "-"]
[White "MichaelChess"]
[Black "Giraldo Menendez Rodriguez"]
[Result "1/2-1/2"]
[WhiteCountry "CUB"]
[BlackCountry "CUB"]
[WhiteElo "2507"]
[WhiteRD "78"]
[BlackElo "2576"]
[BlackRD "73"]
[GameID "716170"]

1. e4 c5 2. Nf3 d6 3. d4 cxd4 4. Nxd4 Nf6 5. Nc3 a6 6. h3 e5 7. Nde2 h5 8. g3 Be6 9. Bg2 b5 10. O-O Nbd7
11. Be3 Be7 12. Nd5 Nxd5 13. exd5 Bf5 14. f4 Rc8 15. c3 Bh7 16. fxe5 dxe5 17. d6 Bg5 18. Qd2 Bxe3+ 19. Qxe3 O-O 20. Rad1 Rb8
21. b3 Bg6 22. Rd2 Qb6 23. Qxb6 Rxb6 24. g4 hxg4 25. hxg4 Rc8 26. Rfd1 Kh7 27. Kf2 Kh6 28. Ke3 Kg5 29. Bf3 a5 30. Rc1 a4
31. bxa4 bxa4 32. c4 Rb4 33. c5 Rxc5 34. Rxc5 Nxc5 35. d7 Nxd7 36. Rxd7 e4 37. Bh1 Kxg4 38. Nf4 Rb1 39. Nxg6 Re1+ 40. Kd4 fxg6
41. Bxe4 Rd1+ 42. Bd3 Rd2 43. a3 Ra2 44. Bxg6 Rxa3 45. Rxg7 Kf4=
1/2-1/2

[Event "Elite Players Over 2400 KO"]
[Site "SchemingMind.com"]
[Date "2021.10.05"]
[Round "-"]
[White "Giraldo Menendez Rodriguez"]
[Black "MichaelChess"]
[Result "1-0"]
[WhiteCountry "CUB"]
[BlackCountry "CUB"]
[WhiteElo "2592"]
[WhiteRD "76"]
[BlackElo "2500"]
[BlackRD "79"]
[GameID "716171"]

1. d4 Nf6 2. c4 e6 3. Nf3 d5 4. Nc3 Be7 5. Bf4 O-O 6. e3 Nbd7 7. c5 Nh5 8. Bd3 Nxf4 9. exf4 b6 10. b4 a5
11. a3 c6 12. O-O Ba6 13. Bxa6 Rxa6 14. Qe2 Ra7 15. b5 Rc7 16. f5 exf5 17. bxc6 Nf6 18. Rae1 Ne4 19. Nb5 Rxc6 20. Ne5 Re6
21. c6 Qc8 22. Rc1 Bf6 23. c7 Bxe5 24. dxe5 Nc5 25. Rfd1 Qd7 26. a4 Re7 27. f4 Qe6 28. h4 Rd7 29. Qf3 h6 30. Nd4 Qe8
31. Nxf5 Rxc7 32. Qg4 f6 33. Re1 h5 34. Qf3 Qe6 35. Qxh5 Rd7 36. Nd4 Qf7 37. Qxf7+ Rdxf7 38. e6 Re7 39. Re3 f5 40. h5 Kh7
41. Ra1 Ree8 42. g3 Rf6 43. Re5 g6 44. Rb1 Nxa4 45. hxg6+ Kxg6 46. Kg2 Nc5 47. Rxb6 a4 48. Rc6 Nb3 49. Nf3 Kh6 50. Nh4 Nd4
51. Ra6 Nxe6 52. Nxf5+ Kg6 53. Nd6 Kh6 54. Rxa4 Rb8 55. Nf5+ Kh7 56. Ra7+ Kg8 57. Ne7+ Kf8 58. Nxd5 Rf7 59. Ra6 Nd4 60. Nf6 Rb2+
61. Kh3 Rfb7 62. Ra8+ Kf7 63. Ne4 R2b6 64. Rd8 Rh6+ 65. Kg4 Nc6 66. Rf5+ Ke7 67. Rg8 Ra7 68. Ng5 Rd7 69. Rf7+ Kd6 70. Rgg7 Rd8
71. Rb7
1-0

[Event "Elite Players Over 2400 KO"]
[Site "SchemingMind.com"]
[Date "2021.10.23"]
[Round "-"]
[White "William Lindberg"]
[Black "Servelión Graterol Hernández"]
[Result "1/2-1/2"]
[WhiteCountry "USA"]
[BlackCountry "VEN"]
[WhiteElo "2480"]
[WhiteRD "69"]
[BlackElo "2572"]
[BlackRD "67"]
[GameID "716696"]

1. e4 c5 2. Nf3 d6 3. d4 cxd4 4. Nxd4 Nf6 5. Nc3 a6 6. Be3 e5 7. Nb3 Be6 8. f3 h5 9. Nd5 Bxd5 10. exd5 Nbd7
11. Qd2 g6 12. O-O-O Nb6 13. Kb1 Nfxd5 14. Bg5 Be7 15. Bxe7 Qxe7 16. c4 Nf6 17. Qb4 Nc8 18. c5 d5 19. g4 hxg4 20. fxg4 Qd7
21. Qe1 Nxg4 22. h3 Rh5 23. Be2 Ne3 24. Bg4 Nxg4 25. hxg4 Qxg4 26. Rxd5 Qf5+ 27. Ka1 Rxh1 28. Qxh1 Qh5=
1/2-1/2

[Event "Elite Players Over 2400 KO"]
[Site "SchemingMind.com"]
[Date "2021.10.24"]
[Round "-"]
[White "Servelión Graterol Hernández"]
[Black "William Lindberg"]
[Result "1-0"]
[WhiteCountry "VEN"]
[BlackCountry "USA"]
[WhiteElo "2571"]
[WhiteRD "68"]
[BlackElo "2482"]
[BlackRD "67"]
[GameID "716697"]

1. Nf3 d5 2. c4 d4 3. b4 Nf6 4. g3 c5 5. Qa4+ Bd7 6. b5 Qc7 7. Bg2 g6 8. e3 Bg7 9. exd4 cxd4 10. O-O Na6
11. Qa3 Nc5 12. Bb2 O-O 13. Bxd4 Ne6 14. Bb2 Qxc4 15. Nc3 Qc5 16. Qxc5 Nxc5 17. Ne5 Bf5 18. d4 Nce4 19. Rfe1 Nd6 20. a4 a6
21. b6 a5 22. Ba3 Rfd8 23. Rac1 Rac8 24. Nb5 Rxc1 25. Rxc1 Be6 26. Nc7 Bf5 27. Bxd6 Rxd6 28. Nc4 Rxd4 29. Bxb7 Bh6 30. f4 Nd7
31. Nd5 Bd3 32. Nxa5 Rxa4 33. Bc6 Nxb6 34. Nxe7+ Kf8 35. Bxa4 Nxa4 36. Nd5 Bf5 37. Ra1 Nc5 38. Nc6 Kg7 39. Nce7 Be4 40. Ra8 f5
41. Ra7 Kh8 42. Ra5 Ne6 43. Ra6 Nf8 44. Nf6 Bd3 45. Rc6 Bb5 46. Rc8 Bg7 47. Ned5 Bd3 48. Kf2 Bb5 49. Ke3 Bh6 50. Kd4 Ba4
51. Ke5 Kg7 52. h4 Bb3 53. Kd6 Ba2 54. Rc7+ Kh8 55. Ke7 Kg7 56. Ke8+ Kh8 57. Kf7 Bb3 58. Rc8 Bg7 59. Rxf8+ Bxf8 60. Kxf8 Ba2
61. Ne7 Bc4 62. Neg8 Be6 63. Nh6
1-0

[Event "Elite Players Over 2400 KO"]
[Site "SchemingMind.com"]
[Date "2021.11.14"]
[Round "-"]
[White "ramesse"]
[Black "frankly"]
[Result "1/2-1/2"]
[WhiteCountry "SVK"]
[BlackCountry "ENG"]
[WhiteElo "2505"]
[WhiteRD "70"]
[BlackElo "2564"]
[BlackRD "86"]
[GameID "717402"]

1. e4 e5 2. Nf3 Nc6 3. Bc4 Nf6 4. d3 Bc5 5. c3 d6 6. O-O O-O 7. h3 h6 8. Re1 a6 9. a4 a5 10. Nbd2 Be6
11. Bb5 Na7 12. d4 Nxb5 13. dxc5 Na7 14. b3 Re8 15. cxd6 Qxd6 16. Ba3 c5 17. Qe2=
1/2-1/2

[Event "Elite Players Over 2400 KO"]
[Site "SchemingMind.com"]
[Date "2021.11.16"]
[Round "-"]
[White "frankly"]
[Black "ramesse"]
[Result "1/2-1/2"]
[WhiteCountry "ENG"]
[BlackCountry "SVK"]
[WhiteElo "2564"]
[WhiteRD "86"]
[BlackElo "2505"]
[BlackRD "70"]
[GameID "717403"]

1. d4 d5 2. c4 c6 3. Nf3 Nf6 4. Nc3 e6 5. Bg5 h6 6. Bxf6 Qxf6 7. e3 Nd7 8. Bd3 dxc4 9. Bxc4 g6 10. O-O Bg7
11. e4 e5 12. d5 Nb6 13. Qd3 O-O 14. Bb3 Rd8 15. Qe3 Qf4=
1/2-1/2

[Event "Elite Players Over 2400 KO"]
[Site "SchemingMind.com"]
[Date "2021.12.03"]
[Round "-"]
[White "Robert Bruce"]
[Black "Carlos Vila Hernández"]
[Result "0-1"]
[WhiteCountry "SCO"]
[BlackCountry "CUB"]
[WhiteElo "2357"]
[WhiteRD "68"]
[BlackElo "2530"]
[BlackRD "80"]
[GameID "717950"]

1. d4 Nf6 2. c4 e6 3. g3 d5 4. Nf3 Bb4+ 5. Bd2 Be7 6. Bg2 O-O 7. O-O c6 8. Qc2 b6 9. Bf4 Nbd7 10. Rd1 Bb7
11. Ne5 Nh5 12. Bd2 Nhf6 13. cxd5 cxd5 14. Nc3 Nxe5 15. dxe5 Ng4 16. e4 d4 17. Bf4 g5 18. Qe2 h5 19. Bf3 gxf4 20. Bxg4 Qc7
21. Rxd4 Bc5 22. Rd6 Bxd6 23. exd6 Qxd6 24. Bxh5 Qe5 25. Qg4+ Kh7 26. Qh4 fxg3 27. fxg3 Kg7 28. Rf1 f6 29. Rf4 Rg8 30. a3 Rad8
31. Rg4+ Kf8 32. Bg6 Bc6 33. Qh7 Qc5+ 34. Kh1 Qe7 35. Qh6+ Qg7 36. Qf4 e5 37. Qf1 Qe7 38. Qh3 Qc5 39. Qh6+ Ke7 40. Bf5 Rxg4
41. Bxg4 Qf2 42. Qg7+ Kd6 43. h4 f5 44. Be2 Rd7 45. Qf6+ Kc7 46. Qxe5+ Kb7 47. Qf4 Bxe4+ 48. Nxe4 Qxe2 49. Nf2 Rd2 50. Kg1 Qe1+
51. Kg2 Qe4+ 52. Qf3 Rxb2 53. h5 Qxf3+ 54. Kxf3 Ra2 55. Nd1 Rxa3+ 56. Ne3 Ra2 57. h6 Rh2 58. Nxf5 a5 59. Nh4 Rd2 60. Ng6 a4
61. Ne5 Rh2 62. Nc4 b5 63. Nd6+ Kb6 64. Nf5 a3
0-1

[Event "Elite Players Over 2400 KO"]
[Site "SchemingMind.com"]
[Date "2021.12.03"]
[Round "-"]
[White "Carlos Vila Hernández"]
[Black "Robert Bruce"]
[Result "1-0"]
[WhiteCountry "CUB"]
[BlackCountry "SCO"]
[WhiteElo "2530"]
[WhiteRD "80"]
[BlackElo "2357"]
[BlackRD "68"]
[GameID "717951"]

1. e4 c5 2. Nf3 d6 3. d4 cxd4 4. Nxd4 Nf6 5. Nc3 a6 6. Be3 e5 7. Nb3 Be6 8. f3 h5 9. Nd5 Bxd5 10. exd5 g6
11. Qd2 Nbd7 12. O-O-O Qc7 13. Kb1 Bg7 14. Rg1 O-O 15. Qf2 Rfb8 16. g4 b5 17. g5 Ne8 18. Nd2 b4 19. Ne4 Nb6 20. Rg2 Na4
21. Qe1 Rc8 22. b3 Nc3+ 23. Nxc3 bxc3 24. Rf2 Qd7 25. f4 a5 26. a3 exf4 27. Rxf4 Nc7 28. h4 Nb5 29. Ka2 a4 30. b4 Rab8
31. Qe2 Re8 32. Qf3 Re5 33. Re4 Rxe4 34. Qxe4 Qg4 35. Qxg4 hxg4 36. Bf4 Be5 37. Bxe5 dxe5 38. Be2 Rb6 39. Bxg4 Rd6 40. Be2 Nd4
41. Bd3 Rxd5 42. Rb1 Kf8 43. b5 e4 44. Bxe4 Rxb5 45. Rb4 Rxb4 46. axb4 Ke7 47. Ka3 Ke6 48. Kxa4 Ke5 49. Bd3 Kd6 50. b5 Kc5
51. Ka5 Kd5 52. b6 Ne6 53. b7 Nd8 54. Kb6
1-0

[Event "Elite Players Over 2400 KO"]
[Site "SchemingMind.com"]
[Date "2021.12.07"]
[Round "-"]
[White "Yovanys Del Toro Montoya"]
[Black "The Chess Machine"]
[Result "1/2-1/2"]
[WhiteCountry "CUB"]
[BlackCountry "ENG"]
[WhiteElo "2455"]
[WhiteRD "126"]
[BlackElo "2538"]
[BlackRD "85"]
[GameID "718154"]

1. d4 e6 2. c4 Nf6 3. Nf3 d5 4. Nc3 c6 5. Bg5 dxc4 6. e4 b5 7. e5 h6 8. Bh4 g5 9. Nxg5 hxg5 10. Bxg5 Nbd7
11. g3 Bb7 12. Bg2 Qb6 13. exf6 O-O-O 14. O-O c5 15. d5 b4 16. Rb1 Qa6 17. dxe6 Bxg2 18. e7 Bxf1 19. Kxf1 Bxe7 20. fxe7 Rdg8
21. Ne4 Rxg5 22. Nxg5 Re8 23. Qd5 Rxe7 24. Kg1 f6 25. Ne4 Kc7 26. Nd2 Qxa2 27. Rd1 Qa4 28. Nxc4 Qc6 29. Qd2 Re4 30. Qc2 Ne5
31. Na5 Nf3+ 32. Kg2 Nh4+ 33. gxh4 Rg4+ 34. Kf1 Qg2+ 35. Ke1 Re4+ 36. Kd2 Qxf2+ 37. Kc1 Qxc2+ 38. Kxc2 Kb6 39. Nb3 Rxh4 40. Rh1 a5=
1/2-1/2

[Event "Elite Players Over 2400 KO"]
[Site "SchemingMind.com"]
[Date "2021.12.07"]
[Round "-"]
[White "The Chess Machine"]
[Black "Yovanys Del Toro Montoya"]
[Result "1/2-1/2"]
[WhiteCountry "ENG"]
[BlackCountry "CUB"]
[WhiteElo "2542"]
[WhiteRD "81"]
[BlackElo "2444"]
[BlackRD "129"]
[GameID "718155"]

1. d4 Nf6 2. c4 e6 3. Nc3 Bb4 4. Qc2 O-O 5. a3 Bxc3+ 6. Qxc3 b6 7. Bg5 Bb7 8. Nf3 d6 9. Nd2 Nbd7 10. f3 h6
11. Bh4 c5 12. dxc5 bxc5 13. e3 a5 14. Bd3 a4 15. O-O Ne5 16. h3 Qe7 17. f4 Ng6 18. Bxf6 Qxf6 19. Qxf6 gxf6 20. Rfb1 Ra6
21. g4 Ne7 22. Kf2 Kg7 23. b3 axb3 24. Rxb3 Bc6 25. Ne4 Rfa8 26. Ng3 Kf8 27. Ne4 Kg7 28. Ng3 Kf8 29. Ne4 Kg7
1/2-1/2

[Event "Elite Players Over 2400 KO"]
[Site "SchemingMind.com"]
[Date "2022.01.25"]
[Round "-"]
[White "Carlos Vila Hernández"]
[Black "Ricardo Martinez Puigros"]
[Result "1/2-1/2"]
[WhiteCountry "CUB"]
[BlackCountry "ESP"]
[WhiteElo "2546"]
[WhiteRD "83"]
[BlackElo "2454"]
[BlackRD "82"]
[GameID "720123"]

1. e4 c5 2. Nf3 d6 3. d4 cxd4 4. Nxd4 Nf6 5. Nc3 a6 6. Be3 e5 7. Nb3 Be6 8. f3 h5 9. Nd5 Bxd5 10. exd5 Nbd7
11. Qd2 g6 12. O-O-O Nb6 13. Kb1 Nbxd5 14. Bg5 Be7 15. Bd3 Qc7 16. Rhe1 Nb6 17. a4 O-O-O 18. a5 Nbd7 19. Be3 Kb8 20. c3 d5
21. Bg1 Rhe8 22. h3 Nc5 23. Bc2 Nxb3 24. Bxb3 Bc5 25. Bh2 Bd6 26. Qg5 Re6 27. Bxd5 Nxd5 28. Rxd5 Be7 29. Qd2 f6 30. Rxd8+ Qxd8
31. Qxd8+ Bxd8 32. b4 Kc8 33. Kb2 Be7 34. Re2 Kd7 35. Bg3 Rd6 36. Kc2 Rc6 37. Kb3 Rd6 38. Bf2 Rd1 39. Kc4 Bd6 40. Be3 Ke6
41. Rb2 f5 42. Re2 Bc7 43. Bd2 Rb1 44. Kd3 Rb2 45. c4 Bd6 46. Bc3 Rxe2 47. Kxe2 Be7 48. Kd3 Bf6 49. Ke3 Kd6 50. Kd2=
1/2-1/2

[Event "Elite Players Over 2400 KO"]
[Site "SchemingMind.com"]
[Date "2022.02.15"]
[Round "-"]
[White "Giraldo Menendez Rodriguez"]
[Black "Servelión Graterol Hernández"]
[Result "1/2-1/2"]
[WhiteCountry "CUB"]
[BlackCountry "VEN"]
[WhiteElo "2587"]
[WhiteRD "82"]
[BlackElo "2572"]
[BlackRD "81"]
[GameID "720835"]

1. Nf3 Nf6 2. c4 e6 3. g3 d5 4. d4 Bb4+ 5. Bd2 Be7 6. Bg2 O-O 7. O-O c6 8. Qc2 b6 9. Rd1 Nbd7 10. Bf4 Bb7
11. Ne5 Nh5 12. Bd2 Nhf6 13. cxd5 cxd5 14. Nc6 Bxc6 15. Qxc6 Rc8 16. Qb5 Ne8 17. Nc3 Nd6 18. Qd3 Nf6 19. b3 Qd7 20. f3 Nf5
21. e3 Rfd8 22. Ne2 h5 23. Rac1 Ba3 24. Rxc8 Rxc8 25. Be1 Nd6 26. e4 Nb5 27. e5 Ne8 28. Bf1 Qc6 29. Kf2 a5 30. Rd2 g6
31. h3 Be7 32. a4 Na3 33. Rb2=
1/2-1/2

[Event "Elite Players Over 2400 KO"]
[Site "SchemingMind.com"]
[Date "2022.02.15"]
[Round "-"]
[White "Servelión Graterol Hernández"]
[Black "Giraldo Menendez Rodriguez"]
[Result "1/2-1/2"]
[WhiteCountry "VEN"]
[BlackCountry "CUB"]
[WhiteElo "2572"]
[WhiteRD "81"]
[BlackElo "2587"]
[BlackRD "82"]
[GameID "720836"]

1. Nf3 d5 2. g3 Nf6 3. Bg2 c5 4. O-O e6 5. b3 Be7 6. Bb2 Nc6 7. d4 O-O 8. dxc5 Bxc5 9. a3 b5 10. Qd3 Ba6
11. Nbd2 Rc8 12. e3 Re8 13. b4 Bb6 14. Ne5 Qd6 15. Nxc6 Rxc6 16. Bxf6 gxf6 17. a4 Qxb4 18. Rfb1 Qc3 19. axb5 Qxd3 20. cxd3 Rc2
21. bxa6 Rxd2 22. d4 Rc8 23. Bf3 Rc6 24. Rb3 e5 25. Bxd5 Rd6 26. Raa3 exd4 27. e4 f5 28. Rf3 fxe4 29. Bxe4 d3 30. Raxd3 Bxf2+
31. Kh1=
1/2-1/2

[Event "Elite Players Over 2400 KO"]
[Site "SchemingMind.com"]
[Date "2022.05.06"]
[Round "-"]
[White "The Chess Machine"]
[Black "Carlos Vila Hernández"]
[Result "1/2-1/2"]
[WhiteCountry "ENG"]
[BlackCountry "CUB"]
[WhiteElo "2551"]
[WhiteRD "76"]
[BlackElo "2546"]
[BlackRD "83"]
[GameID "723338"]

1. d4 Nf6 2. Nf3 e6 3. g3 d5 4. Bg2 Be7 5. O-O O-O 6. c4 dxc4 7. Qc2 a6 8. a4 Bd7 9. Qxc4 Bc6 10. Bg5 Bd5
11. Qc2 Be4 12. Qc1 h6 13. Bxf6 Bxf6 14. Rd1 a5 15. Nbd2 Bxf3 16. Bxf3 c6 17. Nc4 Na6 18. Qf4 Nb4 19. e3 Nd5 20. Qd6 Qxd6
21. Nxd6 Be7 22. Nc4 g6 23. Kf1 h5 24. h4 Kg7 25. Ke2 Nf6 26. Rac1 Nd7=
1/2-1/2

[Event "Elite Players Over 2400 KO"]
[Site "SchemingMind.com"]
[Date "2022.05.06"]
[Round "-"]
[White "Carlos Vila Hernández"]
[Black "The Chess Machine"]
[Result "1/2-1/2"]
[WhiteCountry "CUB"]
[BlackCountry "ENG"]
[WhiteElo "2546"]
[WhiteRD "83"]
[BlackElo "2551"]
[BlackRD "76"]
[GameID "723339"]

1. e4 c5 2. Nf3 d6 3. d4 cxd4 4. Nxd4 Nf6 5. Nc3 a6 6. Be3 e5 7. Nb3 Be6 8. f3 h5 9. Nd5 Bxd5 10. exd5 Nbd7
11. Qd2 g6 12. O-O-O Nb6 13. Kb1 Nfxd5 14. Bg5 Be7 15. Bxe7 Qxe7 16. c4 Nf6 17. Qxd6 Qxd6 18. Rxd6 Nbd7 19. Be2 Ke7 20. Rdd1 Rac8
21. Rhe1 h4 22. f4 exf4 23. Bf3+ Kf8 24. Bxb7 Rc7 25. Bxa6 h3 26. gxh3 Rxh3 27. Rd4 f3 28. Bb5 g5 29. Rd2 g4 30. Nd4 Rh5
31. b4 Nb6 32. Rc2 Re7 33. Rxe7 Kxe7 34. Bc6 Re5 35. Nxf3=
1/2-1/2

[Event "Elite Players Over 2400 KO"]
[Site "SchemingMind.com"]
[Date "2022.11.28"]
[Round "-"]
[White "Giraldo Menendez Rodriguez"]
[Black "Carlos Vila Hernández"]
[Result "1/2-1/2"]
[WhiteCountry "CUB"]
[BlackCountry "CUB"]
[WhiteElo "2556"]
[WhiteRD "78"]
[BlackElo "2555"]
[BlackRD "96"]
[GameID "728732"]

1. Nf3 d5 2. d4 Nf6 3. c4 c6 4. Nc3 e6 5. Bg5 h6 6. Bh4 dxc4 7. e4 g5 8. Bg3 b5 9. h4 g4 10. Ne5 Bb7
11. Nxg4 Nxg4 12. Qxg4 Qxd4 13. Rd1 Qf6 14. a4 h5 15. Qg5 Qxg5 16. hxg5 b4 17. Ne2 Bg7 18. Nd4 Nd7 19. g6 Nb6 20. a5 Na4
21. gxf7+ Kxf7 22. Nf3 Rhd8 23. Ne5+ Ke8 24. Nxc4 Nxb2 25. Nxb2 Bxb2 26. Bc4 Bc3+ 27. Ke2 c5 28. Rxd8+ Rxd8 29. Rxh5 Bxe4 30. Rxc5 Bxg2
31. Bxe6 Rd2+ 32. Ke3 Bd4+ 33. Kxd2 Bxc5=
1/2-1/2

[Event "Elite Players Over 2400 KO"]
[Site "SchemingMind.com"]
[Date "2022.11.28"]
[Round "-"]
[White "Carlos Vila Hernández"]
[Black "Giraldo Menendez Rodriguez"]
[Result "1/2-1/2"]
[WhiteCountry "CUB"]
[BlackCountry "CUB"]
[WhiteElo "2555"]
[WhiteRD "96"]
[BlackElo "2556"]
[BlackRD "78"]
[GameID "728733"]

1. d4 Nf6 2. c4 e6 3. Nf3 d5 4. Nc3 Bb4 5. Bg5 h6 6. Bxf6 Qxf6 7. e3 O-O 8. Rc1 dxc4 9. Bxc4 c5 10. O-O cxd4
11. Ne4 Qe7 12. Nxd4 Bd7 13. Be2 Nc6 14. Nb3 Rfd8 15. a3 Be8 16. Qc2 Bd6 17. Nxd6 Rxd6 18. Rfd1 Rad8 19. Rxd6 Rxd6 20. Nc5 Ne5
21. Nb3 Rc6 22. Qe4 Rxc1+ 23. Nxc1 Qc5 24. Nb3 Qc7 25. Bf1 Nd7 26. Nd2 Nb6 27. Qd4 Qd7 28. Qb4 Nd5 29. Qd4 b6 30. Nc4 f6
31. h3 Kf8 32. Qe4 Ne7 33. b3=
1/2-1/2